Rene Russo Filmography - Statistics

General Stats
  • This quiz has been taken 23 times
    6 since last reset
  • The average score is 14 of 44
Answer Stats
Type Year Name % Correct
Film 1998 Lethal Weapon 4
75%
Film 2011 Thor
75%
Film 2013 Thor: The Dark World
75%
Film 2019 Avengers: Endgame
50%
Film 1992 Lethal Weapon 3
50%
Film 1989 Major League
50%
Film 1994 Major League II
50%
Film 2014 Nightcrawler
50%
Film 1996 Ransom
50%
Film 2015 The Intern
50%
TV Documentary 1997 A Day with...
25%
TV Special 1996 AFI Life Achievement Award: A Tribute to Clint Eastwood
25%
TV Special 2019 AFI Life Achievement Award: A Tribute to Denzel Washington
25%
TV Special 1999 AFI Life Achievement Award: A Tribute to Dustin Hoffman
25%
TV Special 1982 AFI Life Achievement Award: A Tribute to Frank Capra
25%
TV Special 2011 AFI Life Achievement Award: A Tribute to Morgan Freeman
25%
TV Special 2003 AFI Life Achievement Award: A Tribute to Robert De Niro
25%
TV Special 1999 A Home for the Holidays
25%
TV Documentary 1980 Beautiful Baby, Beautiful
25%
Film 2002 Big Trouble
25%
Documentary Mini-Series 1998 Bravo Profiles: The Entertainment Business
25%
Film 1997 Buddy
25%
Commercial 1986 Finnesse Conditioner
25%
Film 2015 Frank and Cindy
25%
Film 1992 Freejack
25%
Film 1995 Get Shorty
25%
Film 1993 In the Line of Fire
25%
Film 2017 Just Getting Started
25%
TV Show 1999 MADtv
25%
Film 1990 Mr. Destiny
25%
Film 1991 One Good Cop
25%
Film 1995 Outbreak
25%
TV Show 1987-1988 Sable
25%
Film 2002 Showtime
25%
Commercial 1982 Silkience
25%
Film 2000 The Adventures of Rocky and Bullwinkle
25%
TV Special 1997 The Annual American Cinematheque Awards Honoring John Travolta
25%
TV Special 2003 The Comedy Central Roast of Denis Leary
25%
TV Documenary 1999 The Free Willy Story - Keiko's Journey Home
25%
Film 1999 The Thomas Crown Affair
25%
Film 1996 Tin Cup
25%
Film 2005 Two for the Money
25%
Film 2019 Velvet Buzzsaw
25%
Film 2005 Yours, Mine & Ours
25%
No matching quizzes found
Score Distribution
Percent of People with Each Score
Percentile by Number Answered
Your Score History
You have not taken this quiz since the last reset